[Event "N3_Gr_12"]
[Site "?"]
[Date "2003.12.07"]
[Round "4.1"]
[White "Garon, Pierre"]
[Black "Vidal, Guillaume"]
[Result "1/2-1/2"]
[WhiteElo "2009"]
[BlackElo "2094"]
[PlyCount "80"]
[EventDate "2004.??.??"]

1. d4 Nf6 2. Nf3 e6 3. e3 b6 4. Bd3 Bb7 5. Nbd2 d5 6. O-O Bd6 7. b3 Nbd7 8. Bb2
O-O 9. Ne5 c5 10. f4 Ne4 11. Nxe4 dxe4 12. Be2 Nxe5 13. dxe5 Bc7 14. Qe1 Qe7
15. Qf2 Rad8 16. Bc3 Bc6 17. a4 Bb8 18. Kh1 Rfe8 19. Rg1 Qb7 20. Rgb1 b5 21.
axb5 Bxb5 22. Qf1 a6 23. Kg1 Ba7 24. Bc4 Rd7 25. Rd1 Red8 26. Rxd7 Rxd7 27. Kf2
h5 28. Ke1 g6 29. Rd1 Bxc4 30. Rxd7 Qxd7 31. Qxc4 Qc6 32. Qa4 Qxa4 33. bxa4 Kf8
34. Kd2 $11 34... Ke8 35. Bb2 Kd7 36. Kc3 c4 37. Bc1 Kc6 38. Kxc4 Bc5 39. g3
Bb6 40. Bd2 Bc5 1/2-1/2

[Event "N3_Gr_12"]
[Site "?"]
[Date "2003.12.07"]
[Round "4.2"]
[White "Genevrier, Pascal"]
[Black "Valla, Nicolas"]
[Result "1/2-1/2"]
[WhiteElo "2180"]
[BlackElo "1950"]
[PlyCount "34"]
[EventDate "2004.??.??"]

1. c4 e5 2. g3 d6 3. Bg2 f5 4. d4 e4 5. Nc3 Nf6 6. Bg5 Be7 7. Nh3 O-O 8. Nf4 c6
9. e3 Na6 10. O-O Qe8 11. Rb1 Nc7 12. b4 Ne6 13. Nxe6 Bxe6 14. c5 14... Bc4 $11
15. Re1 d5 16. Bf1 Bxf1 17. Rxf1 a6 1/2-1/2

[Event "N3_Gr_12"]
[Site "?"]
[Date "2003.12.07"]
[Round "4.6"]
[White "Kljucanin, Sead"]
[Black "Vier, Serge"]
[Result "1-0"]
[WhiteElo "2030"]
[BlackElo "1780"]
[PlyCount "103"]
[EventDate "2004.??.??"]

1. d4 d5 2. Nf3 Nf6 3. Bf4 e6 4. e3 Nbd7 5. a3 c6 6. Be2 Be7 7. O-O O-O 8. c4
Re8 9. Nc3 dxc4 10. Bxc4 Nb6 11. Bd3 c5 12. dxc5 Bxc5 13. Qc2 Bd6 14. Rad1 e5
15. Bg5 h6 16. Bh4 Bg4 17. Be4 Qe7 18. h3 Be6 19. Bg3 Nxe4 20. Qxe4 f6 21. Nb5
Bb8 22. a4 Nc4 23. b3 Nd6 24. Nxd6 Bxd6 25. Nd2 Red8 26. Nc4 Bb4 27. f4 exf4
28. exf4 Bf7 29. Qf3 Bc5+ 30. Kh2 Rac8 31. Rfe1 Qc7 32. f5 Qc6 33. Qxc6 bxc6
34. Bf4 Bb4 35. Rf1 Bd5 36. g4 Re8 37. Kg3 Re7 38. Rd3 Bxc4 39. bxc4 Rce8 40.
Kf3 Re1 41. Rxe1 Bxe1 42. Rd7 a5 43. Rc7 Rd8 44. Rxc6 Bb4 45. Ke4 Rd1 46. Rc8+
Kf7 47. Rc7+ Kf8 48. c5 Ra1 49. Bd6+ Kg8 50. Kd5 Rxa4 51. Rc8+ Kf7 52. Rf8# 1-0

[Event "N3_Gr_12"]
[Site "?"]
[Date "2003.12.07"]
[Round "4.5"]
[White "Lorello, Alfio"]
[Black "Desterne, Romain"]
[Result "0-1"]
[WhiteElo "1860"]
[BlackElo "2020"]
[PlyCount "90"]
[EventDate "2004.??.??"]

1. e4 c5 2. Nf3 d6 3. d4 cxd4 4. Nxd4 Nf6 5. Nc3 a6 6. f3 e5 7. Nb3 h5 8. Be3
Be6 9. Qd2 Be7 10. O-O-O b5 11. Kb1 Nbd7 12. Qf2 Qc7 13. Be2 b4 14. Nd5 Nxd5
15. exd5 Bf5 16. Bd3 Bxd3 17. Rxd3 a5 18. Nd2 f5 19. Nb3 a4 20. Na1 Bf6 21. g3
e4 22. fxe4 fxe4 23. Rd2 a3 24. Bd4 axb2 25. Bxb2 Bxb2 26. Kxb2 Qa5 27. Nb3
Qa3+ 28. Kb1 Qxa2+ 29. Kc1 Qa3+ 30. Kd1 Nf6 31. Qf5 O-O 32. Qe6+ Kh8 33. Rf1
Rae8 34. Qxd6 e3 35. Re2 Rd8 36. Qe6 Rfe8 37. Qf7 Rxd5+ 38. Ke1 Red8 39. Rxe3
Rd1+ 40. Kf2 Ng4+ 41. Ke2 R1d2+ 42. Ke1 Rd1+ 43. Ke2 Qa6+ 44. Rd3 R1xd3 45.
Qxh5+ Nh6 0-1

[Event "N3_Gr_12"]
[Site "?"]
[Date "2003.12.07"]
[Round "4.8"]
[White "Mademone, Mohamed"]
[Black "Benchegra, Mohamed"]
[Result "1-0"]
[WhiteElo "1740"]
[BlackElo "1499"]
[PlyCount "75"]
[EventDate "2004.??.??"]

1. d4 d5 2. c4 c6 3. Nf3 Nf6 4. Nc3 e6 5. e3 Be7 6. Bd3 Nbd7 7. O-O Qc7 8. e4
dxc4 9. Bxc4 Nb6 10. Bd3 Bd7 11. Bg5 h6 12. Bh4 Nh5 13. Bxe7 Kxe7 14. Ne5 Nf6
15. Qc1 Rac8 16. b4 Qd6 17. Qb2 Qxd4 18. Nd5+ Qxd5 19. exd5 Nbxd5 20. g3 g5 21.
Rac1 Rhg8 22. Qa3 b5 23. Qxa7 Ke8 24. a3 Rc7 25. Qc5 h5 26. Qd6 Rc8 27. Nxd7
Nxd7 28. Bxb5 Nb8 29. Rfe1 Ne7 30. Red1 Kf8 31. a4 Kg7 32. Qxe7 cxb5 33. Qxg5+
Kh7 34. Qxh5+ Kg7 35. Rxc8 Rxc8 36. Qg5+ Kh7 37. Rd4 Rc4 38. Rd8 1-0

[Event "N3_Gr_12"]
[Site "?"]
[Date "2003.12.07"]
[Round "4.4"]
[White "Michalak, Alain"]
[Black "Poncet, Alain"]
[Result "1-0"]
[WhiteElo "2130"]
[BlackElo "1860"]
[PlyCount "85"]
[EventDate "2004.??.??"]

1. Nf3 Nf6 2. c4 g6 3. Nc3 Bg7 4. e4 d6 5. d4 Nbd7 6. Be2 O-O 7. O-O c5 8. Re1
cxd4 9. Nxd4 a6 10. Bf1 Qc7 11. Bg5 Nb6 12. b3 Bd7 13. Rc1 Rac8 14. Qd2 Rfe8
15. f3 Qc5 16. Be3 Qc7 17. Qf2 17... Na8 $11 18. Nd5 Qd8 19. Ne2 Nxd5 20. cxd5
Qa5 21. Nf4 Bb5 22. a4 Bxf1 23. Rxf1 Qb4 24. Rb1 Rc3 25. Ba7 Rec8 26. Qh4 Rxb3
27. Rxb3 Qxb3 28. Qxe7 Be5 29. Nh3 Qxa4 30. Qxb7 Re8 31. Nf2 Qc4 32. Ng4 Bd4+
33. Bxd4 Qxd4+ 34. Kh1 34... h5 $4 35. Nh6+ Kg7 36. Qxf7+ Kxh6 37. Qxe8 Nc7 38.
Qf8+ Kg5 39. f4+ Kg4 40. h3+ Kg3 41. Rf3+ Kh4 42. Qe7+ g5 43. Qxg5# 1-0

[Event "N3_Gr_12"]
[Site "?"]
[Date "2003.??.07"]
[Round "4.9"]
[White "Poncet, Martine"]
[Black "Deat, Gaelle"]
[Result "1-0"]
[WhiteElo "1460"]
[BlackElo "1260"]
[PlyCount "57"]
[EventDate "2004.??.??"]

1. e4 e6 2. d4 d5 3. exd5 exd5 4. Qe2+ Be7 5. Nc3 Nf6 6. Nf3 O-O 7. Qd3 c5 8.
Be3 c4 9. Qd2 Bb4 10. Qd1 Ne4 11. Bd2 Nxd2 12. Qxd2 Nc6 13. Be2 Re8 14. O-O Ba5
15. b3 b5 16. a3 Bb6 17. Nxb5 Ba5 18. b4 Bb6 19. Rfe1 Qf6 20. Bxc4 Rxe1+ 21.
Rxe1 Be6 22. Bb3 a6 23. Nc3 Nxd4 24. Nxd4 Bxd4 25. Nd1 Rd8 26. c3 Bb6 27. Qe2
Ra8 28. Bxd5 Bd7 29. Bxa8 1-0

[Event "N3_Gr_12"]
[Site "?"]
[Date "2003.12.07"]
[Round "4.7"]
[White "Pupier, Terry"]
[Black "Marie, Adrien"]
[Result "0-1"]
[WhiteElo "1740"]
[BlackElo "2040"]
[PlyCount "130"]
[EventDate "2004.??.??"]

1. e4 e6 2. d4 d5 3. Nc3 dxe4 4. Nxe4 Nd7 5. Nf3 Ngf6 6. Nxf6+ Nxf6 7. c3 c5 8.
Be2 Bd7 9. O-O Qc7 10. Ne5 Bd6 11. Bf4 Nd5 12. Bg3 O-O 13. Bf3 cxd4 14. cxd4
Bc6 15. Rc1 Bxe5 16. Bxe5 Qa5 17. a3 Rfd8 18. Rc5 Qb6 19. Qc2 Ne7 20. Bg4 Ng6
21. Rc1 Nxe5 22. dxe5 Rd4 23. h3 Rad8 24. b4 Rd2 25. Qc4 a6 26. Qf1 h6 27. R1c3
Kh7 28. Qb1+ g6 29. Rg3 Ba4 30. Kh2 Rxf2 31. Bh5 Rf5 32. Bg4 Rf2 33. Bh5 Rg8
34. Qe1 Rc2 35. Qf1 Rg7 36. Rxc2 Bxc2 37. Bd1 $11 37... Be4 38. Qc4 Bd5 39. Qc3
Rg8 40. Bf3 Rd8 41. Bxd5 Rxd5 42. Rd3 Qd8 43. Rf3 Kg7 44. Qe1 Qc7 45. Re3 f6
46. Qc3 Qb8 47. Kg3 Rxe5 48. Rxe5 Qxe5+ 49. Qxe5 fxe5 50. Kf3 Kf7 51. Ke4 Kf6
52. a4 Kf7 53. Kxe5 Ke7 54. g4 g5 55. a5 Kf7 56. Kd6 Kf6 57. Kc7 e5 58. Kxb7 e4
59. Kxa6 e3 60. b5 e2 61. b6 e1=Q 62. b7 Qb4 63. h4 gxh4 64. g5+ Ke6 65. gxh6
Kd6 0-1

[Event "N3_Gr_12"]
[Site "?"]
[Date "2004.01.18"]
[Round "5.2"]
[White "Bruneau, Francois"]
[Black "Ballo, Michel"]
[Result "1-0"]
[WhiteElo "2039"]
[BlackElo "2106"]
[PlyCount "71"]
[EventDate "2004.??.??"]

1. e4 c5 2. Nc3 d6 3. f4 e6 4. Nf3 Nc6 5. Bb5 Bd7 6. O-O a6 7. Bxc6 Bxc6 8. d4
cxd4 9. Nxd4 Qb6 10. Kh1 Bd7 11. f5 e5 12. Nd5 Qd8 13. Ne2 b5 14. a3 h6 15. Be3
Rb8 16. Bf2 Bc6 17. Nec3 h5 18. Be3 a5 19. b4 a4 20. Rc1 Rb7 21. Rf3 Nh6 22.
Bxh6 Rxh6 23. Rh3 Qg5 24. Rg3 Qd8 25. Rh3 h4 26. Qg4 Bd7 27. g3 g6 28. Rxh4
gxf5 29. exf5 Rg6 30. Qf3 Rg5 31. Nf6+ Qxf6 32. Qxb7 Qxf5 33. Rh8 e4 34. Kg1
Rg4 35. Qb8+ Bc8 36. Qxd6 1-0

[Event "N3_Gr_12"]
[Site "?"]
[Date "2003.12.07"]
[Round "5.1"]
[White "Cursoux, Laurent"]
[Black "Cizeron, Frederic"]
[Result "1-0"]
[WhiteElo "2221"]
[BlackElo "2080"]
[PlyCount "45"]
[EventDate "2004.??.??"]

1. e4 e6 2. d4 d5 3. Nc3 Nf6 4. Bg5 Be7 5. e5 Nfd7 6. Bxe7 Qxe7 7. f4 f5 8.
exf6 Nxf6 9. Nf3 c5 10. Bb5+ Bd7 11. Qe2 O-O 12. Bxd7 Nfxd7 13. Nxd5 Qd6 14.
Nc3 cxd4 15. Nb5 Qb4+ 16. c3 dxc3 17. bxc3 Qxf4 18. Qxe6+ Kh8 19. O-O Nc5 20.
Qe7 Nbd7 21. Ng5 Rae8 22. Nf7+ Rxf7 23. Qxe8+ 1-0

[Event "N3_Gr_12"]
[Site "?"]
[Date "2003.12.07"]
[Round "5.5"]
[White "Etlicher, Dominique"]
[Black "Licata, Luc"]
[Result "0-1"]
[WhiteElo "1990"]
[BlackElo "1880"]
[PlyCount "60"]
[EventDate "2004.??.??"]

1. d4 d5 2. c4 c6 3. Nf3 Nf6 4. Nc3 a6 5. e3 b5 6. b3 Bg4 7. Be2 e6 8. O-O Bd6
9. h3 Bh5 10. Ne5 Bxe2 11. Qxe2 O-O 12. a4 b4 13. Nb1 c5 14. Bb2 Nbd7 15. Nd2
Bxe5 16. dxe5 Ne4 17. Nxe4 dxe4 18. Qg4 Qc7 19. Qxe4 Rfd8 20. Rad1 Nf8 21. Rd6
Ng6 22. Rfd1 Kf8 23. f4 Ke8 24. f5 Nf8 25. fxe6 Nxe6 26. Qxh7 Qe7 27. Qe4 Rac8
28. Qg4 g6 29. Qg3 Ng5 30. Qh4 Nf3+ 0-1

[Event "N3_Gr_12"]
[Site "?"]
[Date "2003.12.07"]
[Round "5.7"]
[White "Lafrechoux, Laurent"]
[Black "Lorello, Alfio"]
[Result "0-1"]
[WhiteElo "1750"]
[BlackElo "1910"]
[PlyCount "50"]
[EventDate "2004.??.??"]

1. e4 c5 2. Nf3 e6 3. Nc3 a6 4. d4 cxd4 5. Nxd4 Nc6 6. Be3 Nge7 7. f4 Nxd4 8.
Qxd4 Nc6 9. Qa4 Bb4 10. O-O-O O-O 11. Nb5 Rb8 12. Nd6 Qc7 13. e5 b5 14. Qb3
Bxd6 15. Rxd6 f6 16. Be2 fxe5 17. fxe5 Nxe5 18. Rhd1 Nc4 19. Qc3 Qb7 20. Bxc4
bxc4 21. Rb6 Qa8 22. Rxb8 Qxb8 23. Qxc4 Qxh2 24. Qg4 Qe5 25. g3 Qxe3+ 0-1

[Event "N3_Gr_12"]
[Site "?"]
[Date "2004.01.18"]
[Round "5.9"]
[White "Minchilli, Franco"]
[Black "Poncet, Martine"]
[Result "1-0"]
[WhiteElo "1580"]
[BlackElo "1440"]
[PlyCount "129"]
[EventDate "2004.??.??"]

1. Nf3 d5 2. d4 Nc6 3. Nc3 Nf6 4. e3 Bf5 5. a3 a6 6. Bd2 e6 7. Nh4 Ne7 8. Nxf5
Nxf5 9. Bd3 Nd6 10. Qf3 c6 11. O-O Be7 12. Rfe1 O-O 13. e4 dxe4 14. Nxe4 Ndxe4
15. Bxe4 Nxe4 16. Rxe4 Bf6 17. c3 Rc8 18. Rd1 Qd5 19. Rf4 Qxf3 20. Rxf3 Rcd8
21. Be3 e5 22. Rg3 Rfe8 23. Rg4 Re6 24. h4 Kf8 25. Bg5 Bxg5 26. hxg5 exd4 27.
cxd4 Rd5 28. b4 Re2 29. Rg3 Rf5 30. f3 Re6 31. Rg4 Rd5 32. Kf2 b6 33. Rh1 h6
34. gxh6 Rxh6 35. Rxh6 gxh6 36. Ke3 Rd6 37. f4 f5 38. Rh4 Kg7 39. g4 fxg4 40.
f5 g3 41. Kf3 Rd5 42. Ke4 g2 43. Rg4+ Kf6 44. Rg6+ Kf7 45. Rxg2 Rd6 46. Ke5 Rd8
(46... Rd5+ 47. Ke4 Rd6) 47. Rg6 Re8+ 48. Kf4 Rc8 49. Rxh6 c5 50. bxc5 bxc5 51.
d5 c4 52. Rc6 Rd8 53. Ke5 Re8+ 54. Kd4 c3 55. Rxc3 Kf6 56. Rc6+ Kxf5 57. Rxa6
Re4+ 58. Kc5 Re3 59. d6 Rh3 60. Kc6 Rc3+ 61. Kd7 Rh3 62. Kc8 Rh8+ 63. Kc7 Rh7+
64. d7 Ke5 65. Kc8 1-0

[Event "N3_Gr_12"]
[Site "?"]
[Date "2004.01.18"]
[Round "5.6"]
[White "Poncet, Alain"]
[Black "Treveys, Maxime"]
[Result "1-0"]
[WhiteElo "1860"]
[BlackElo "1800"]
[PlyCount "81"]
[EventDate "2004.??.??"]

1. e4 c5 2. Nc3 Nc6 3. Bb5 g6 4. Nge2 Bg7 5. Bxc6 bxc6 6. O-O d6 7. d3 Nf6 8.
Bd2 O-O 9. Qc1 Rb8 10. Rb1 Re8 11. Ng3 Ba6 12. b3 Qc7 13. f4 e5 14. f5 Rbd8 15.
Bh6 d5 16. Bxg7 Kxg7 17. fxg6 fxg6 18. Qg5 Ng8 19. Nh5+ Kh8 20. Nf6 Qe7 21. h4
Rf8 22. Ng4 Qxg5 23. hxg5 d4 24. Na4 Rxf1+ 25. Rxf1 Re8 26. Nxc5 Bc8 27. Nf6
Rf8 28. Ncd7 Bxd7 29. Nxd7 Rxf1+ 30. Kxf1 Ne7 31. Nxe5 Kg7 32. b4 Kf8 33. Nf3
c5 34. bxc5 Nc6 35. Ke2 Nb4 36. Nxd4 Nxa2 37. Kd2 Nb4 38. c3 Na6 39. Nb3 Ke7
40. d4 Nc7 41. d5 1-0

[Event "N3_Gr_12"]
[Site "?"]
[Date "2003.12.07"]
[Round "5.8"]
[White "Pupier, Terry"]
[Black "Cayuela-Mosch, Renate"]
[Result "1-0"]
[WhiteElo "1800"]
[BlackElo "1499"]
[PlyCount "45"]
[EventDate "2004.??.??"]

1. e4 e5 2. Nf3 Nc6 3. Bb5 Nf6 4. O-O Nxe4 5. Re1 Nf6 6. Nxe5 Nxe5 7. Rxe5+ Be7
8. Qe1 O-O 9. Rxe7 Re8 10. Rxe8+ Nxe8 11. d4 a6 12. Bd3 Nf6 13. Bg5 d5 14. Qe5
Be6 15. Nd2 Qe7 16. c3 h6 17. Bxf6 gxf6 18. Qh5 Qf8 19. Re1 Re8 20. Re3 Qg7 21.
Rg3 Bg4 22. Rxg4 Re1+ 23. Nf1 1-0

[Event "N3_Gr_12"]
[Site "?"]
[Date "2003.12.07"]
[Round "5.3"]
[White "Tiero, Filbert "]
[Black "Garon, Pierre"]
[Result "1-0"]
[WhiteElo "1910"]
[BlackElo "2009"]
[PlyCount "57"]
[EventDate "2004.??.??"]

1. Nf3 d5 2. d4 Nf6 3. e3 e6 4. c4 Be7 5. Nc3 O-O 6. Bd3 b6 7. Ne5 Bb7 8. O-O
c5 9. cxd5 Nxd5 10. Ne4 f5 11. Ng3 Nd7 12. Qe2 N7f6 13. Rd1 cxd4 14. exd4 Rc8
15. a3 Nc7 16. Bc4 Bd5 17. Bd3 Qd6 18. Bf4 Qd8 19. Rac1 Qe8 20. Nf3 Qd8 21. Rc3
Bxf3 22. Qxf3 Ncd5 23. Rxc8 Qxc8 24. Rc1 Qd7 25. Be5 Rc8 26. Re1 Ng4 27. Nxf5
exf5 28. Bxf5 Nxe5 29. dxe5 1-0

[Event "N3_Gr_12"]
[Site "?"]
[Date "2003.12.07"]
[Round "5.4"]
[White "Valla, Nicolas"]
[Black "Barnes, Pierri"]
[Result "1-0"]
[WhiteElo "1980"]
[BlackElo "1930"]
[PlyCount "127"]
[EventDate "2004.??.??"]

1. e4 e5 2. Nf3 d6 3. d4 Nf6 4. Nc3 Nbd7 5. Be2 Be7 6. O-O O-O 7. Be3 c6 8.
dxe5 Nxe5 9. Nd4 Qc7 10. h3 a6 11. f4 Rd8 12. Qe1 Ng6 13. g4 Ne8 14. g5 d5 15.
exd5 cxd5 16. h4 Bc5 17. Qf2 b6 18. h5 Ne7 19. Bd3 Rd6 20. Rae1 Bh3 21. f5 Bxf1
22. Rxf1 Bxd4 23. Bxd4 Qd8 24. f6 Qd7 25. fxe7 Qg4+ 26. Kh1 Qxh5+ 27. Qh2 Qxh2+
28. Kxh2 b5 29. Bc5 Rc6 30. b4 Nc7 31. Bf5 Ne6 32. Bxe6 Rxe6 33. Nxd5 Rc8 34.
Rd1 f6 35. Nf4 Rxe7 36. Bxe7 Rxc2+ 37. Kg3 fxg5 38. Bxg5 Rxa2 39. Be7 a5 40.
bxa5 Rxa5 41. Rb1 Ra7 42. Bc5 Rb7 43. Kg4 Kf7 44. Nd3 Ke6 45. Nb4 g6 46. Re1+
Kf7 47. Kg5 Rc7 48. Rf1+ Ke6 49. Rf6+ Ke5 50. Bd6+ Kd4 51. Bxc7 Kc4 52. Bd6 Kb3
53. Kh6 Ka4 54. Kxh7 g5 55. Rg6 Ka5 56. Bc5 Ka4 57. Rxg5 Ka5 58. Kg6 Ka4 59.
Kf5 Ka5 60. Ke4 Ka4 61. Kd3 Kb3 62. Rg2 Ka3 63. Kc3 Ka4 64. Ra2# 1-0

[Event "N3_Gr_12"]
[Site "?"]
[Date "2004.02.01"]
[Round "6.9"]
[White "Baudin, Sandrine"]
[Black "Poncet, Martine"]
[Result "1-0"]
[WhiteElo "1710"]
[BlackElo "1440"]
[PlyCount "95"]
[EventDate "2004.??.??"]

1. e4 e5 2. Nf3 Nc6 3. Bc4 Bc5 4. c3 Qf6 5. O-O Nge7 6. d3 h6 7. Nbd2 O-O 8.
Nb3 Bb6 9. d4 exd4 10. cxd4 d6 11. h3 Qg6 12. Kh2 Qxe4 13. Re1 Qf5 14. Bd3 Qd7
15. Re4 d5 16. Rg4 Qd6+ 17. Bf4 Qf6 18. Bxh6 Bxg4 19. Bg5 Qd6+ 20. g3 Bxf3 21.
Qxf3 g6 (21... Nxd4 22. Qh5 Ng6 23. Nxd4 Bxd4 24. Bf4 Qf6 25. Bxg6 Qxg6 26.
Qxd5 Qb6 27. Bxc7 Qxb2) 22. Qg4 Qe6 23. Qh4 Nf5 24. Bxf5 Qxf5 25. g4 Qxg5 (
25... Nxd4 26. gxf5 (26. Nxd4 Qe5+ 27. Kg1 Bxd4) 26... Nf3+ 27. Kh1 Nxh4 28.
Bxh4 Rae8) 26. Qxg5 Nxd4 27. Nxd4 Bxd4 28. Qxd5 Bxf2 29. Qxb7 Rab8 30. Qxc7
Rxb2 31. Qc4 Bb6+ 32. Kg3 Re8 33. Rf1 Re3+ 34. Kh4 Re6 35. Qc8+ Kg7 36. Qc3+
Kf8 37. Qxb2 Bd8+ 38. Kg3 Bc7+ 39. Kg2 Bb6 40. Qb4+ Kg7 41. Re1 Rf6 42. Qc3 Bf2
43. Rf1 Bh4 44. a4 a6 45. a5 Bg5 46. Kg3 Kf8 47. Rxf6 Bh6 48. Qc7 1-0

[Event "N3_Gr_12"]
[Site "?"]
[Date "2004.02.01"]
[Round "6.3"]
[White "Burdet, Francois"]
[Black "Valla, Nicolas"]
[Result "1-0"]
[WhiteElo "2013"]
[BlackElo "1980"]
[PlyCount "71"]
[EventDate "2004.??.??"]

1. e4 c6 2. d4 d5 3. Nc3 dxe4 4. Nxe4 Nd7 5. Nf3 Ngf6 6. Ng3 e6 7. Bd3 c5 8.
O-O Be7 9. c3 b6 10. dxc5 Nxc5 11. Bb5+ Bd7 12. Qe2 Bxb5 13. Qxb5+ Qd7 14.
Qxd7+ Ncxd7 15. Be3 O-O 16. Rad1 Rfd8 17. Bd4 Kf8 18. h3 Bd6 19. Rfe1 Rac8 20.
Ne4 Nxe4 21. Rxe4 Nc5 22. Re2 Ke7 23. Kf1 f6 24. Be3 e5 25. Bc1 Ne6 26. Nh4 g6
27. f4 exf4 28. Rde1 Be5 29. Nf3 Rd6 30. Nxe5 fxe5 31. Rxe5 Kf6 32. b3 g5 33.
Bb2 h6 34. c4 Ke7 35. Ba3 Rcc6 36. Rxe6+ 1-0

[Event "N3_Gr_12"]
[Site "?"]
[Date "2004.02.01"]
[Round "6.1"]
[White "Cau, Benjamin"]
[Black "Bruneau, Francois"]
[Result "0-1"]
[WhiteElo "2133"]
[BlackElo "2039"]
[PlyCount "108"]
[EventDate "2004.??.??"]

1. e4 d6 2. d4 Nf6 3. Nc3 g6 4. f3 c6 5. Be3 Qb6 6. Qc1 Bg7 7. Bc4 Qc7 8. a4 a5
9. Nge2 Na6 10. Bh6 O-O 11. O-O e5 12. dxe5 dxe5 13. Be3 Qe7 14. Bxa6 Rxa6 15.
Qe1 Ra8 16. Qf2 Rd8 17. Rad1 Rxd1 18. Rxd1 Bf8 19. Nc1 Be6 20. Nd3 Nd7 21. Kh1
Bc4 22. b3 Bxd3 23. Rxd3 Nc5 24. Rd1 b6 25. Qd2 Ra7 26. Qd8 Qxd8 27. Rxd8 Rd7
28. Rb8 Ne6 29. Rxb6 Bb4 30. Rxc6 Bxc3 31. Rxc3 Rd1+ 32. Bg1 Nd4 33. Rd3 Re1
34. Re3 Ne2 35. Rxe2 Rxe2 36. c3 Rb2 37. b4 axb4 38. cxb4 Rxb4 39. a5 Ra4 40.
h3 Rxa5 41. g4 f6 42. Kg2 Kf7 43. Be3 Ke6 44. f4 exf4 45. Bxf4 Ra3 46. h4 f5
47. exf5+ gxf5 48. g5 Kd5 49. h5 Ke4 50. Bd6 Ra6 51. Bc7 f4 52. Kh3 Kf5 53. Bd8
Ra3+ 54. Kh4 Ra1 0-1

[Event "N3_Gr_12"]
[Site "?"]
[Date "2004.02.01"]
[Round "6.4"]
[White "Dequidt, Adrien"]
[Black "Covolo, Thierry"]
[Result "1-0"]
[WhiteElo "1920"]
[BlackElo "1960"]
[PlyCount "63"]
[EventDate "2004.??.??"]

1. d4 Nf6 2. Nf3 e6 3. Nbd2 d5 4. e3 b6 5. c3 Bb7 6. b4 Be7 7. Qa4+ Nbd7 8. Ne5
a5 9. Nxd7 Nxd7 10. b5 e5 11. Qc2 e4 12. a4 Rc8 13. Ba3 c5 14. bxc6 Rxc6 15.
Bb5 Rg6 16. O-O h5 17. c4 Bxa3 18. Rxa3 f5 19. f4 O-O 20. cxd5 Bxd5 21. Rc3 Rd6
22. Rc7 Nc5 23. Ra7 Ne6 24. Rc1 Qb8 25. Re7 Qd8 26. Ra7 Qb8 27. Rd7 Rxd7 28.
Bxd7 Qd6 29. Bb5 Rf7 30. Nc4 Qc7 31. Qd1 Nxf4 32. Ne5 1-0

[Event "N3_Gr_12"]
[Site "?"]
[Date "2004.02.01"]
[Round "6.2"]
[White "Garon, Pierre"]
[Black "Savoya, Alexandre"]
[Result "0-1"]
[WhiteElo "2009"]
[BlackElo "2049"]
[PlyCount "96"]
[EventDate "2004.??.??"]

1. d4 e6 2. Nf3 f5 3. g3 d5 4. Bg2 c6 5. Bf4 Bd6 6. Bxd6 Qxd6 7. c3 Nf6 8. Nbd2
Nbd7 9. O-O O-O 10. Nb3 b6 11. Re1 Bb7 12. Nfd2 f4 13. e4 fxg3 14. fxg3 dxe4
15. Qe2 c5 16. Nxe4 Nxe4 17. Bxe4 Bxe4 18. Qxe4 cxd4 19. Rad1 Nc5 20. Qxd4
Qxd4+ 21. Nxd4 Rfe8 22. Re3 Rad8 23. Rde1 Na4 24. R1e2 Rd6 25. Nb5 Rd7 26. b3
Nc5 27. Nd4 a5 28. b4 axb4 29. cxb4 Rxd4 30. bxc5 bxc5 31. Rxe6 Rd1+ 32. Kf2
Rxe6 33. Rxe6 Ra1 34. Re2 Kf7 35. Kf3 Kf6 36. Ke4 Ke6 37. Kd3+ Kd5 38. Kc3 Kc6
39. Kb3 Rh1 40. a4 Kd5 41. a5 Rb1+ 42. Rb2 Rxb2+ 43. Kxb2 Kc6 44. Kc3 Kb5 45.
g4 Kxa5 46. Kc4 Kb6 47. h4 Kc6 48. g5 g6 0-1

[Event "N3_Gr_12"]
[Site "?"]
[Date "2004.02.01"]
[Round "6.6"]
[White "Poncet, Alain"]
[Black "Didier, Eric"]
[Result "1/2-1/2"]
[WhiteElo "1860"]
[BlackElo "1990"]
[PlyCount "97"]
[EventDate "2004.??.??"]

1. e4 c5 2. Nc3 e6 3. f4 d5 4. Bb5+ Nc6 5. Bxc6+ bxc6 6. d3 Ne7 7. Nf3 Ng6 8.
O-O Be7 9. Ne2 O-O 10. b3 Bf6 11. e5 Be7 12. g4 f6 13. Ng3 fxe5 14. Nxe5 Nxe5
15. fxe5 Ba6 16. c4 $2 (16. Rxf8+ Qxf8 17. c4) 16... Qc7 (16... dxc4 17. dxc4
Rxf1+ 18. Qxf1 Qd4+) 17. Qe2 Rxf1+ 18. Kxf1 Rf8+ 19. Kg2 Qd8 20. Be3 Qc7 21.
Bd2 Bb7 22. Rf1 Rxf1 23. Kxf1 Bc8 24. g5 Bd7 25. Nh5 Be8 26. Bf4 Bd8 27. Qg4
Qf7 28. Ng3 Qd7 (28... h6 29. h4 (29. gxh6 g5 30. Ne2 Kh7)) 29. Ke2 Bg6 30. Qf3
Qf7 31. h4 Qd7 32. h5 Bf7 33. Be3 Be7 34. Qg4 g6 35. h6 Qc7 36. Qf4 Qa5 37. Nf1
Qxa2+ 38. Nd2 Qa3 39. Qf1 Qa5 40. Qc1 Qa2 41. Qb1 $11 41... Qa3 42. Kd1 Qa5 43.
Kc2 Kf8 44. Nf3 44... Kg8 $11 45. Bd2 Qb6 46. Qa1 Bd8 47. Qa3 Be7 48. Be3 Kf8
49. Bd2 1/2-1/2

[Event "N3_Gr_12"]
[Site "?"]
[Date "2004.02.01"]
[Round "6.8"]
[White "Pupier, Terry"]
[Black "Boilland, Jean-Marie"]
[Result "1/2-1/2"]
[WhiteElo "1790"]
[BlackElo "1860"]
[PlyCount "88"]
[EventDate "2004.??.??"]

1. e4 e6 2. d4 d5 3. Nc3 Bb4 4. e5 c5 5. a3 Bxc3+ 6. bxc3 c4 7. Nf3 Nc6 8. Bd2
Nge7 9. Be2 b6 10. O-O O-O 11. Re1 Ng6 12. Bf1 Bd7 13. Qb1 Rb8 14. a4 Qc7 15.
Bc1 Rb7 16. Ba3 Re8 17. Bd6 Qc8 18. g3 Nce7 19. Bh3 Qc6 20. Qb4 Nc8 21. Re2 h6
22. Bg4 Nge7 23. Bxe7 Rxe7 24. a5 b5 25. Rae1 a6 26. Nh4 Re8 27. f4 $11 27...
Ne7 28. Rf2 Nf5 29. Bxf5 exf5 30. Ng2 g6 31. Rfe2 Be6 32. Kf2 $11 32... Qc7 33.
Ne3 Reb8 34. Rb1 Qd8 35. Ng2 Kg7 36. Rbe1 g5 37. Re3 Kg6 38. Rh1 Rc8 39. Rb1
Rc6 40. Qa3 Rb8 41. Rb4 Qe7 42. Re1 Rh8 43. Ra1 h5 44. h4 g4 1/2-1/2

[Event "N3_Gr_12"]
[Site "?"]
[Date "2004.02.01"]
[Round "6.5"]
[White "Zilliox, Claude"]
[Black "Licata, Luc"]
[Result "1-0"]
[WhiteElo "1970"]
[BlackElo "1880"]
[PlyCount "80"]
[EventDate "2004.??.??"]

1. d4 d5 2. c4 c6 3. Nf3 Nf6 4. e3 a6 5. Nc3 b5 6. cxd5 cxd5 7. Bd3 Bg4 8. O-O
e6 9. Bd2 Nbd7 10. Rc1 Be7 11. h3 Bh5 12. Re1 O-O 13. Ne2 Ne4 14. Nh2 Bd6 15.
Bxe4 dxe4 16. Qb3 Bxe2 17. Rxe2 Qb8 18. Nf1 a5 19. a3 Nf6 20. Be1 a4 21. Qd1
Nd5 22. Rec2 Qb7 23. Rc6 Rfd8 24. Qe2 b4 25. axb4 Bxb4 26. Nd2 Rac8 27. Rxc8
Rxc8 28. Rxc8+ Qxc8 29. Nxe4 Bxe1 30. Qxe1 Qc2 31. Nc5 Qxb2 32. Nxa4 Qb5 33.
Nc5 h6 34. Ne4 Qb4 35. Qc1 Kh7 36. Qc2 g6 37. Nd2 Kg7 38. Nf3 Qe7 39. Ne5 Qc7
40. Qb2 40... Qe7 {(Perte au temps)} 1-0

[Event "N3_Gr_12"]
[Site "?"]
[Date "2004.01.18"]
[Round "5.1"]
[White "Genevrier, Pascal"]
[Black "Amato, Roger"]
[Result "1/2-1/2"]
[WhiteElo "2170"]
[BlackElo "2225"]
[PlyCount "39"]
[EventDate "2004.??.??"]

{N3 Ronde 5 Match Clermont-Ferrand PdR / Vienne
} 1. e4 c5 2. Nf3 d6 3. Bb5+
Bd7 4. Bxd7+ Qxd7 5. c4 Nf6 6. Nc3 Nc6 7. O-O e6 8. d4 cxd4 9. Nxd4 Be7 10. Be3
O-O 11. Qe2 Nxd4 12. Bxd4 Qc6 13. f3 a6 14. Rac1 Rac8 15. b3 Nd7 16. Rfd1 Bf6
17. Qd2 Bd8 18. Kh1 h6 19. Be3 Be7 20. Qf2 1/2-1/2

[Event "N3_Gr_12"]
[Site "?"]
[Date "2004.01.18"]
[Round "5.2"]
[White "Miellet-Bensan, Yves"]
[Black "Lauradoux, Cedric"]
[Result "1/2-1/2"]
[WhiteElo "2139"]
[BlackElo "2121"]
[PlyCount "58"]
[EventDate "2004.??.??"]

{N3 Ronde 5 Match Clermont-Ferrand PdR / Vienne
} 1. e4 c5 2. Nf3 Nc6 3. b3 e6
4. Bb2 d5 5. exd5 exd5 6. Bb5 Nf6 7. O-O Be7 8. Ne5 Bd7 9. Nxd7 Qxd7 10. Bxf6
Bxf6 11. Re1+ Kf8 12. Nc3 Qd6 13. Rc1 Rd8 14. Bxc6 Qxc6 15. Qf3 g6 16. Ne2 Kg7
17. Nf4 Qd6 18. g3 Bg5 19. Re2 Qf6 20. Rce1 Bxf4 21. gxf4 Rd7 22. Re5 Rhd8 23.
d3 b6 24. Qg3 d4 25. R1e4 Rd5 26. a4 h6 27. Qg4 R8d7 28. Kf1 Qd6 29. Qg3 Qf6
1/2-1/2

[Event "N3_Gr_12"]
[Site "?"]
[Date "2004.01.18"]
[Round "5.3"]
[White "Rue, Pascal"]
[Black "Esteveny, Yann"]
[Result "1/2-1/2"]
[WhiteElo "2138"]
[BlackElo "1970"]
[PlyCount "60"]
[EventDate "2004.??.??"]

{N3 Ronde 5 Match Clermont-Ferrand PdR / Vienne
} 1. e4 e5 2. Nf3 Nc6 3. Bb5
a6 4. Ba4 Nf6 5. O-O Nxe4 6. d4 exd4 7. Re1 d5 8. Bxc6+ bxc6 9. Qxd4 c5 10.
Qe5+ Be6 11. c4 c6 12. Nc3 Nxc3 13. bxc3 Qd6 14. Qg5 h6 15. Qh5 g6 16. Qe5 Qxe5
17. Nxe5 Bg7 18. Rb1 O-O 19. Nxg6 Rfe8 20. cxd5 Bxd5 21. Ne7+ Kh7 22. Bd2 Bxa2
23. Ra1 Bd5 24. Nf5 a5 25. Nxg7 Kxg7 26. Rxe8 Rxe8 27. Be3 Rb8 28. Bxc5 Kg6 29.
h3 Rb5 30. Bd4 Bb3 1/2-1/2